Der Beitrag lesbischer Frauen zur Öffentlichkeit der autonomen Frauenbewegung am Beispiel einer Großstadt
| Main Author: | |
|---|---|
| Format: | Print Book |
| Language: | German |
| Published: |
Pfaffenweiler
Centaurus-Verlagsgesellschaft
1998
|
| In: |
Frauen, Gesellschaft, Kritik (32)
Year: 1998 |
| Online Access: |
Cover (Publisher) Table of Contents |
| Check availability: | HBZ Gateway |
| Subito Delivery Service: | Order now. |
| Keywords: |
MARC
| LEADER | 00000cam a2200000 c 4500 | ||
|---|---|---|---|
| 001 | 244157855 | ||
| 003 | DE-627 | ||
| 005 | 20250409173946.0 | ||
| 007 | tu | ||
| 008 | 980527s1998 gw ||||| m 00| ||ger c | ||
| 015 | |a 98,N23,0142 |2 dnb | ||
| 015 | |a 98,H11,0127 |2 dnb | ||
| 016 | 7 | |a 953352471 |2 DE-101 | |
| 020 | |a 3825502163 |c kart. : DM 39.80, sfr 37.00, S 291.00 |9 3-8255-0216-3 | ||
| 035 | |a (DE-627)244157855 | ||
| 035 | |a (DE-576)06647521X | ||
| 035 | |a (DE-599)DNB953352471 | ||
| 035 | |a (OCoLC)231719415 | ||
| 035 | |a (OCoLC)47195117 | ||
| 040 | |a DE-627 |b ger |c DE-627 |e rakwb | ||
| 041 | |a ger | ||
| 044 | |c XA-DE | ||
| 084 | |a 14 |2 sdnb | ||
| 084 | |a MS 3150 |2 rvk |0 (DE-625)rvk/123671: | ||
| 084 | |a 71.38 |2 bkl | ||
| 084 | |a 71.25 |2 bkl | ||
| 084 | |a 71.33 |2 bkl | ||
| 100 | 1 | |a Münst, Agnes Senganata |0 (DE-588)12007723X |0 (DE-627)080430880 |0 (DE-576)29202925X |4 aut | |
| 109 | |a Münst, Agnes Senganata |a Münst, A. Senganata |a Münst, Senganata | ||
| 245 | 1 | 4 | |a Der Beitrag lesbischer Frauen zur Öffentlichkeit der autonomen Frauenbewegung am Beispiel einer Großstadt |c Agnes Senganata Münst |
| 264 | 1 | |a Pfaffenweiler |b Centaurus-Verlagsgesellschaft |c 1998 | |
| 300 | |a X, 291 S. |b graph. Darst. |c 21 cm | ||
| 336 | |a Text |b txt |2 rdacontent | ||
| 337 | |a ohne Hilfsmittel zu benutzen |b n |2 rdamedia | ||
| 338 | |a Band |b nc |2 rdacarrier | ||
| 490 | 1 | |a Frauen, Gesellschaft, Kritik |v Bd. 32 | |
| 502 | |a Zugl.: @Dortmund, Univ., Diss., 1998 | ||
| 583 | 1 | |a Archivierung/Langzeitarchivierung gewährleistet |f PEBW |x XA-DE-BW |2 pdager |5 DE-31 | |
| 655 | 7 | |a Hochschulschrift |0 (DE-588)4113937-9 |0 (DE-627)105825778 |0 (DE-576)209480580 |2 gnd-content | |
| 689 | 0 | 0 | |d g |0 (DE-588)4011882-4 |0 (DE-627)104704861 |0 (DE-576)208896155 |a Deutschland |2 gnd |
| 689 | 0 | 1 | |d s |0 (DE-588)4071428-7 |0 (DE-627)106097741 |0 (DE-576)209183926 |a Frauenbewegung |2 gnd |
| 689 | 0 | 2 | |d s |0 (DE-588)4043183-6 |0 (DE-627)106210874 |0 (DE-576)209054581 |a Öffentlichkeit |2 gnd |
| 689 | 0 | 3 | |d s |0 (DE-588)4035430-1 |0 (DE-627)104168579 |0 (DE-576)209012633 |a Lesbe |2 gnd |
| 689 | 0 | 4 | |d s |0 (DE-588)4130274-6 |0 (DE-627)104636831 |0 (DE-576)209617578 |a Selbsthilfeorganisation |2 gnd |
| 689 | 0 | |5 DE-101 | |
| 751 | |a Dortmund |0 (DE-588)4012814-3 |0 (DE-627)106346504 |0 (DE-576)208900608 |4 uvp | ||
| 830 | 0 | |a Frauen, Gesellschaft, Kritik |v 32 |9 32 |w (DE-627)165677236 |w (DE-576)025312456 |w (DE-600)1161274-5 |x 0939-4540 |7 am | |
| 856 | 4 | 2 | |u http://www.gbv.de/dms/hbz/toc/ht008512327.pdf |m V:DE-605 |q pdf/application |v 2008-11-15 |x Verlag |y Inhaltsverzeichnis |3 Inhaltsverzeichnis |7 1 |
| 856 | 4 | 2 | |u http://ecx.images-amazon.com/images/I/21S7GFY8RRL._SL500_AA140_.jpg |x Verlag |y Cover |3 Cover |7 1 |
| 935 | |a mkri | ||
| 935 | |i Blocktest | ||
| 936 | r | v | |a MS 3150 |b Frauenbewegung |k Soziologie |k Spezielle Soziologien |k Soziologische Geschlechterforschung (Gender Studies) |k Spezielle Forschungsgebiete der soziologischen Geschlechterforschung |k Geschlechtlich motivierte politische Bewegungen |k Frauenbewegung |0 (DE-627)144133470X |0 (DE-625)rvk/123671: |0 (DE-576)371334705 |
| 936 | b | k | |a 71.38 |j Soziale Bewegungen |0 (DE-627)10641612X |
| 936 | b | k | |a 71.25 |j Sexualität |x Soziologie |0 (DE-627)106409050 |
| 936 | b | k | |a 71.33 |j Frau |x Soziologie |0 (DE-627)106412671 |
| 951 | |a BO | ||
| ELC | |b 1 | ||
| LOK | |0 000 xxxxxcx a22 zn 4500 | ||
| LOK | |0 001 3252745054 | ||
| LOK | |0 003 DE-627 | ||
| LOK | |0 004 244157855 | ||
| LOK | |0 005 19980922000000 | ||
| LOK | |0 008 980922||||||||||||||||ger||||||| | ||
| LOK | |0 040 |a DE-Frei85 |c DE-627 |d DE-Frei85 | ||
| LOK | |0 852 |a DE-Frei85 | ||
| LOK | |0 852 1 |m p |9 00 | ||
| LOK | |0 938 |k p | ||
| LOK | |0 939 |a 22-09-98 |b l01 | ||
| ORI | |a SA-MARC-krimdoka001.raw | ||
| TIM | |a 100019901003_100020261231 |b 1990-10-03 - 2026 | ||
